| Поле | Инд. | ПП | Название | Значение |
|---|---|---|---|---|
| Тип записи | a | |||
| Библиографический уровень | m | |||
| 001 | _ | Контрольный номер | RU/URAIT/471112 | |
| 005 | _ | Дата корректировки | 20250915104106.2 | |
| 008 | Кодируемые данные | 180130s2021 RU y f j 000 0 rus u | ||
| 020 | a | ISBN | 978-5-534-06257-1 | |
| c | Цена, тираж | 739.00 | ||
| 040 | a | Служба первич. каталог. | ИКО Юрайт | |
| c | Служба, преобразующая запись | ИКО Юрайт | ||
| e | Правила каталог. | RCR | ||
| 041 | a | Код языка текста | rus | |
| 044 | a | Код страны публикации | RU | |
| 080 | a | Индекс УДК | 167(075.8) | |
| 084 | 2 | Источник индекса | rubbk | |
| a | Индекс другой классификации/Индекс ББК | 72.5я73 | ||
| 100 | 1_ | a | Автор | Байбородова Людмила Васильевна |
| q | Полное имя | Людмила Васильевна | ||
| 245 | a | Заглавие | Методология и методы научного исследования | |
| b | Продолж. заглавия | Учебное пособие для вузов | ||
| c | Ответственность | Байбородова Л. В., Чернявская А. П. | ||
| 250 | g | испр. и доп | ||
| a | Основные сведения об издании | 2-е изд. | ||
| 256 | a | Характеристики компьютерного файла | Электрон. дан. | |
| 260 | a | Место издания | Москва | |
| b | Издательство | Юрайт | ||
| c | Дата издания | 2021 | ||
| 300 | a | Объем | 221 с | |
| 440 | a | Серия | Высшее образование | |
| 500 | a | Примечание | URL: https://urait.ru/bcode/471112 (дата обращения: 23.11.2021). | |
| 520 | a | Аннотация | В учебном пособии рассматриваются теоретические и методические вопросы организации исследовательской работы, классификация исследований, методологический аппарат, подходы и принципы исследования; дается характеристика теоретических и эмпирических методов, рассмотрены вопросы по анализу результатов исследования. | |
| 538 | a | Прим. о системных особенностях | Режим доступа: Электронно-библиотечная система Юрайт, для авториз. пользователей | |
| 653 | a | Ключевые слова | Образование и педагогика | |
| 653 | a | Ключевые слова | Педагогика, психология, социальная работа | |
| 653 | a | Ключевые слова | Методология научного творчества | |
| 653 | a | Ключевые слова | Основы научно-методической деятельности | |
| 653 | a | Ключевые слова | Методология научных исследований | |
| 653 | a | Ключевые слова | Методы и средства научных исследований | |
| 653 | a | Ключевые слова | Методика научных исследований | |
| 653 | a | Ключевые слова | Методы научных исследований | |
| 653 | a | Ключевые слова | Методика научно-исследовательской работы | |
| 653 | a | Ключевые слова | Методология и методика научных исследований | |
| 653 | a | Ключевые слова | Методология и методы организации научного исследования | |
| 653 | a | Ключевые слова | Методология научного исследования | |
| 653 | a | Ключевые слова | Методология научного познания | |
| 653 | a | Ключевые слова | Основы научных исследований | |
| 653 | a | Ключевые слова | Основы организации научно-исследовательской работы | |
| 653 | a | Ключевые слова | Методология и методы научного исследования | |
| 653 | a | Ключевые слова | Основы исследовательской деятельности | |
| 653 | a | Ключевые слова | Организация научно-исследовательской работы | |
| 653 | a | Ключевые слова | Основы методологии научного исследования | |
| 653 | a | Ключевые слова | Основы научной деятельности студента | |
| 653 | a | Ключевые слова | Основы научно-исследовательской работы студентов | |
| 653 | a | Ключевые слова | Научно-исследовательская работа | |
| 653 | a | Ключевые слова | Основы научной деятельности | |
| 653 | a | Ключевые слова | Методология и методика научного исследования | |
| 653 | a | Ключевые слова | Основы научно-исследовательской деятельности | |
| 653 | a | Ключевые слова | Основы научного исследования | |
| 653 | a | Ключевые слова | НИР: научно-исследовательская работа | |
| 653 | a | Ключевые слова | Основы научной работы | |
| 653 | a | Ключевые слова | Основы методологии научных исследований | |
| 653 | a | Ключевые слова | Основы научно-исследовательской работы | |
| 653 | a | Ключевые слова | Методика научно-исследовательской работы студентов | |
| 653 | a | Ключевые слова | Научно-исследовательская деятельность | |
| 653 | a | Ключевые слова | Методы и методология научного исследования | |
| 653 | a | Ключевые слова | Организация и методология научных исследований | |
| 653 | a | Ключевые слова | Научные исследования | |
| 653 | a | Ключевые слова | Организация и методология научного исследования | |
| 653 | a | Ключевые слова | Методология и организация научных исследований | |
| 653 | a | Ключевые слова | Методика и методология научного исследования | |
| 653 | a | Ключевые слова | Методология и Организация научного исследования | |
| 653 | a | Ключевые слова | Основы методики научных исследований | |
| 653 | a | Ключевые слова | Научно-исследовательская работа (НИР) | |
| 700 | 1_ | a | Другие авторы | Чернявская Анна Павловна |
| q | Полное имя | Анна Павловна | ||
| 856 | 40 | u | URL | https://urait.ru/bcode/471112 |
| x | Примечание для ЭОР | https://urait.ru/book/cover/624D114E-E293-4C76-B474-EA245E4EF01C | ||
| z | Примечание для пользователя | Участвует в КО | ||
| 856 | 41 | u | URL | https://urait.ru/book/cover/624D114E-E293-4C76-B474-EA245E4EF01C |